Countries with the Most Metro Systems - Statistics

General Stats
  • This quiz has been taken 358 times
  • The average score is 15 of 17
Answer Stats
Systems Country % Correct
30 China
99%
6 France
99%
15 Japan
99%
15 United States
99%
3 United Kingdom
98%
4 Germany
97%
9 India
96%
3 Spain
96%
7 Brazil
95%
7 Russia
95%
3 Canada
93%
7 Italy
93%
8 South Korea
90%
5 Turkey
82%
3 Ukraine
66%
5 Iran
63%
3 Taiwan
60%
No matching quizzes found
Score Distribution
Percent of People with Each Score
Percentile by Number Answered
Your Score History
You have not taken this quiz